|
|
|
|
| LEADER |
00000nam0a2200000 4500 |
| 001 |
188799 |
| 005 |
20231227114508.0 |
| 010 |
|
|
|a 5913020529
|
| 035 |
|
|
|a (RuTPU)RU\TPU\book\205082
|
| 090 |
|
|
|a 188799
|
| 100 |
|
|
|a 20101215d2009 m y0rusy50 ca
|
| 101 |
0 |
|
|a rus
|
| 102 |
|
|
|a RU
|
| 105 |
|
|
|a a j 001zy
|
| 200 |
1 |
|
|a Основы физики деления и синтеза атомных ядер
|e учебное пособие
|f С. В. Беденко, В. Н. Нестеров
|g Томский политехнический университет (ТПУ)
|
| 210 |
|
|
|a Томск
|c ТМЛ-Пресс
|d 2009
|
| 215 |
|
|
|a 194 с.
|c ил.
|
| 320 |
|
|
|a Библиогр.: с. 169-170.
|
| 330 |
|
|
|a Рассмотрены основные свойства атомного ядра, законы простого и сложного радиоактивного распада, приведены общие закономерности ядерных взаимодействий. Основное внимание уделено элементарной теории деления и синтеза атомных ядер; взаимодействию нейтронов с атомными ядрами; приборам и методам радиометрии и спектрометрии, применяемые в ядерной физике. Рассматриваются современные достижения XXI в. в области ядерной физики и физики элементарных частиц. Обсуждаются общие проблемы и перспективы развития мировой и отечественной ядерной энергетики, роль атомной энергии в решении проблем энергообеспечения быстро развивающегося мирового сообщества. Для магистрантов, обучающихся по программе «Физико-технические проблемы атомной энергетики» и студентов высших учебных заведений, обучающихся по направлениям «Физика», «Техническая физика» и «Ядерные физика и технологии».
|
| 606 |
1 |
|
|a Ядерные реакции
|2 stltpush
|3 (RuTPU)RU\TPU\subj\21730
|9 46682
|
| 610 |
1 |
|
|a атомное ядро
|
| 610 |
1 |
|
|a деление
|
| 610 |
1 |
|
|a синтез
|
| 610 |
1 |
|
|a стабильные ядра
|
| 610 |
1 |
|
|a радиоактивность
|
| 610 |
1 |
|
|a ядерные взаимодействия
|
| 610 |
1 |
|
|a элементарные частицы
|
| 610 |
1 |
|
|a учебные пособия
|
| 610 |
1 |
|
|a труды учёных ТПУ
|
| 675 |
|
|
|a 539.17(075.8)
|v 3
|
| 700 |
|
1 |
|a Беденко
|b С. В.
|c физик
|c доцент Томского политехнического университета, кандидант физико-математических наук
|f 1980-
|g Сергей Владимирович
|3 (RuTPU)RU\TPU\pers\25456
|9 11395
|
| 701 |
|
1 |
|a Нестеров
|b В. Н.
|c специалист в области атомной энергетики
|c доцент Томского политехнического университета, кандидат технических наук
|f 1977-
|g Владимир Николаевич
|3 (RuTPU)RU\TPU\pers\26412
|9 12116
|
| 712 |
0 |
2 |
|a Томский политехнический университет (ТПУ)
|c (1991-2009)
|3 (RuTPU)RU\TPU\col\376
|
| 801 |
|
1 |
|a RU
|b 63413507
|c 20101215
|
| 801 |
|
2 |
|a RU
|b 63413507
|c 20121003
|g RCR
|
| 942 |
|
|
|c BK
|